| 000 | 00413nam a22001697a 4500 | ||
|---|---|---|---|
| 005 | 20180223143924.0 | ||
| 008 | 160523b xxu||||| |||| 00| 0 eng d | ||
| 020 | _a978-81-8478-047-5 | ||
| 041 | _aeng | ||
| 082 |
_b4203 _a330 |
||
| 100 |
_aBhutani, Prem J. _91046 |
||
| 245 | _aPrinciples of Economics | ||
| 260 |
_aNew Delhi _bAcademic Faundation |
||
| 300 | _a524 | ||
| 650 |
_aManagement _9241 |
||
| 942 | _cBK | ||
| 999 |
_c1426 _d1426 |
||